<?xml version="1.0" encoding="UTF-8"?><?xml-stylesheet type="text/xsl" href="static/style.xsl"?><OAI-PMH xmlns="http://www.openarchives.org/OAI/2.0/" xmlns:xsi="http://www.w3.org/2001/XMLSchema-instance" xsi:schemaLocation="http://www.openarchives.org/OAI/2.0/ http://www.openarchives.org/OAI/2.0/OAI-PMH.xsd"><responseDate>2026-04-27T12:56:11Z</responseDate><request verb="GetRecord" identifier="oai:uvadoc.uva.es:10324/20048" metadataPrefix="marc">https://uvadoc.uva.es/oai/request</request><GetRecord><record><header><identifier>oai:uvadoc.uva.es:10324/20048</identifier><datestamp>2021-06-30T08:27:56Z</datestamp><setSpec>com_10324_7462</setSpec><setSpec>com_10324_5186</setSpec><setSpec>com_10324_29291</setSpec><setSpec>col_10324_7511</setSpec></header><metadata><record xmlns="http://www.loc.gov/MARC21/slim" xmlns:doc="http://www.lyncode.com/xoai" xmlns:xsi="http://www.w3.org/2001/XMLSchema-instance" xmlns:dcterms="http://purl.org/dc/terms/" xsi:schemaLocation="http://www.loc.gov/MARC21/slim http://www.loc.gov/standards/marcxml/schema/MARC21slim.xsd">
<leader>00925njm 22002777a 4500</leader>
<datafield tag="042" ind1=" " ind2=" ">
<subfield code="a">dc</subfield>
</datafield>
<datafield tag="720" ind1=" " ind2=" ">
<subfield code="a">Maza Zorrilla, Elena</subfield>
<subfield code="e">author</subfield>
</datafield>
<datafield tag="260" ind1=" " ind2=" ">
<subfield code="c">1991</subfield>
</datafield>
<datafield tag="520" ind1=" " ind2=" ">
<subfield code="a">Desde las dificultades que entraña el reconocimiento jurídico del derecho de asociación en la España del siglo XIX, se abordan en este trabajo las distintas vertientes en su evolución histórica (mutualismo, resistencia, cooperativismo), haciendo especial hincapié en las lagunas historiográficas del estudio del mutualismo y en el planteamiento de nuevas posibilidades metodológicas e interpretativas, que enriquezcan las visiones unilaterales predominantes hasta el momento.</subfield>
</datafield>
<datafield tag="520" ind1=" " ind2=" ">
<subfield code="a">Bearing in mind the difficulties in the legal survey of the association right in Spain during the 19th century, this paper studies the different points of view in its historic evolution (mutualism, resistance, cooperativism). We make special emphasis in the historical gaps in the study of mutualism and the planning of new methodological and interpretative possibilities, that will enrich the unilateral approaches prevailing until now.</subfield>
</datafield>
<datafield tag="024" ind2=" " ind1="8">
<subfield code="a">Investigaciones históricas: Época moderna y contemporánea, 1991, N.11, pags.173-198</subfield>
</datafield>
<datafield tag="024" ind2=" " ind1="8">
<subfield code="a">0210-9425</subfield>
</datafield>
<datafield tag="024" ind2=" " ind1="8">
<subfield code="a">http://uvadoc.uva.es/handle/10324/20048</subfield>
</datafield>
<datafield tag="024" ind2=" " ind1="8">
<subfield code="a">173</subfield>
</datafield>
<datafield tag="024" ind2=" " ind1="8">
<subfield code="a">11</subfield>
</datafield>
<datafield tag="024" ind2=" " ind1="8">
<subfield code="a">198</subfield>
</datafield>
<datafield ind1=" " ind2=" " tag="653">
<subfield code="a">Historia moderna y contemporánea</subfield>
</datafield>
<datafield tag="245" ind1="0" ind2="0">
<subfield code="a">El mutualismo y su polivalente papel en la España del siglo XIX (1839-1887)</subfield>
</datafield>
</record></metadata></record></GetRecord></OAI-PMH>